<?xml version="1.0" encoding="UTF-8"?><?xml-stylesheet type="text/xsl" href="static/style.xsl"?><OAI-PMH xmlns="http://www.openarchives.org/OAI/2.0/" xmlns:xsi="http://www.w3.org/2001/XMLSchema-instance" xsi:schemaLocation="http://www.openarchives.org/OAI/2.0/ http://www.openarchives.org/OAI/2.0/OAI-PMH.xsd"><responseDate>2026-04-27T19:45:00Z</responseDate><request verb="GetRecord" identifier="oai:uvadoc.uva.es:10324/1677" metadataPrefix="marc">https://uvadoc.uva.es/oai/request</request><GetRecord><record><header><identifier>oai:uvadoc.uva.es:10324/1677</identifier><datestamp>2021-06-18T09:16:14Z</datestamp><setSpec>com_10324_38</setSpec><setSpec>col_10324_787</setSpec></header><metadata><record xmlns="http://www.loc.gov/MARC21/slim" xmlns:doc="http://www.lyncode.com/xoai" xmlns:xsi="http://www.w3.org/2001/XMLSchema-instance" xmlns:dcterms="http://purl.org/dc/terms/" xsi:schemaLocation="http://www.loc.gov/MARC21/slim http://www.loc.gov/standards/marcxml/schema/MARC21slim.xsd">
<leader>00925njm 22002777a 4500</leader>
<datafield tag="042" ind1=" " ind2=" ">
<subfield code="a">dc</subfield>
</datafield>
<datafield tag="720" ind1=" " ind2=" ">
<subfield code="a">Vicente Castro, Alejandro</subfield>
<subfield code="e">author</subfield>
</datafield>
<datafield tag="260" ind1=" " ind2=" ">
<subfield code="c">2012</subfield>
</datafield>
<datafield tag="520" ind1=" " ind2=" ">
<subfield code="a">El trabajo tiene como objetivo determinar la respuesta agronómica y cualitativa de cuatro clones certificados de la variedad Tempranillo durante la campaña 2011, en una parcela localizada en el término municipal Castrillo Solarana (Burgos), perteneciente a la Denominación de Origen Arlanza en  Castilla y León. &#xd;
Los clones estudiados en el presente trabajo se encuentran entre los más demandados por el mercado vitivinícola y provienen de diferentes Programas de Selección de diferentes organismos. El clon RJ-43 seleccionado por el CIDA (La Rioja), el clon CL-179 y el clon CL-306 seleccionados por el ITACyL (Castilla y León) y el ENTAV-770 seleccionado por el ENTAV-INRA (Francia). &#xd;
Se han determinado parámetros productivos, de desarrollo vegetativo y de composición de la uva.</subfield>
</datafield>
<datafield tag="024" ind2=" " ind1="8">
<subfield code="a">http://uvadoc.uva.es/handle/10324/1677</subfield>
</datafield>
<datafield ind1=" " ind2=" " tag="653">
<subfield code="a">Vid-Variedades-España-Castilla y León</subfield>
</datafield>
<datafield ind1=" " ind2=" " tag="653">
<subfield code="a">Arlanza (vino)</subfield>
</datafield>
<datafield tag="245" ind1="0" ind2="0">
<subfield code="a">Respuesta Agronómica y Cualitativa de 4 Clones Certificados de Vitis vinifera L. cv. Tempranillo en la D.O. Arlanza</subfield>
</datafield>
</record></metadata></record></GetRecord></OAI-PMH>